| 000 | 00908nam a22002297a 4500 | ||
|---|---|---|---|
| 999 |
_c20034 _d20034 |
||
| 005 | 20171220145301.0 | ||
| 008 | 171220b2015 c ||||| |||| 00| 0 spa d | ||
| 020 | _a9789589810880 | ||
| 040 |
_aCO-BoIAVH _cCO-BoIAVH |
||
| 041 | _aspa | ||
| 044 | _ack | ||
| 082 |
_a635.977 _bU58m |
||
| 110 | 1 | _aUniversidad Nacional de Colombia, sede Medellin, Facultad de Ciencias Agrarias | |
| 245 | 1 | _aManual de silvicultura urbana | |
| 260 |
_aEnvigado: _bUiversidad Nacional de Colombia, sede Medellín, Facultad de Ciencias Agrarias; _bAlcaldia de Envigado, Secretaria de Medio Ambiente y Desarrollo Agropecuario, Municipio de Envigado _c2015. |
||
| 300 |
_a263 páginas _c22 x 16cm |
||
| 650 | 1 | 6 |
_aCaracterización Morfológica _xEspecies |
| 650 | 1 | 6 |
_aArboles urbanos _xPlaneación |
| 650 | 1 | 6 | _aNormatividad forestal |
| 650 | 1 | 6 | _aDesarrollo forestal |
| 942 |
_2ddc _cLIBRO |
||